|
|
|
|
| LEADER |
01957nam a2200313 i 4500 |
| 001 |
10034411 |
| 003 |
GR-PaULI |
| 005 |
20231122125406.0 |
| 008 |
960102t1970 gr a g 1 gre d |
| 040 |
|
|
|a GR-PaULI
|b gre
|c GR-PaULI
|e AACR2
|
| 082 |
0 |
4 |
|2 23
|a 708.153
|
| 245 |
0 |
0 |
|a Ουάσιγκτον :
|b Εθνική Πινακοθήκη /
|c εισαγωγή John Walker ; Gandolfo, Giampaolo....[και.ά.] ; ελληνική μετάφραση Γιώργου Γεραλή.
|
| 260 |
|
|
|a Αθήναι :
|b Φυτράκης,
|c c1970.
|
| 300 |
|
|
|a 208, [5] σ. :
|b εικ. ;
|c 30 εκ.
|
| 490 |
1 |
|
|a Τα μεγάλα μουσεία του κόσμου / Φυτράκης
|
| 500 |
|
|
|a Τίτλος πρωτοτύπου : National Gallery, Washington
|
| 610 |
|
4 |
|9 30049
|a The National Gallery of Art Washington, D.C.
|
| 650 |
|
4 |
|9 179092
|a Μουσεία
|z Ηνωμένες Πολιτείες Αμερικής
|z Ουάσιγκτον.
|
| 700 |
|
|
|a Γεραλής, Γιώργος,
|d 1917-1996
|e επιμελητής.
|9 80222
|
| 700 |
1 |
|
|9 179091
|a Gandolfo, Giampaolo
|e συγγραφέας.
|
| 700 |
1 |
|
|9 117778
|a Walker, John
|e συγγραφέας εισαγωγής.
|
| 765 |
0 |
8 |
|i Μετάφραση του :
|t National Gallery, Washington
|
| 830 |
|
0 |
|9 179095
|a Τα μεγάλα μουσεία του κόσμου (Φυτράκης)
|
| 942 |
|
|
|2 ddc
|c BK
|
| 952 |
|
|
|0 0
|1 0
|2 ddc
|4 0
|6 Π_708_153000000000000_OYA
|7 0
|9 237618
|a LISP
|b LISP
|c REF
|d 2019-12-04
|i 141506
|l 0
|o Π 708.153 OYA
|p 025000265216
|r 2019-12-04 00:00:00
|t 1
|v 2019.00
|w 2019-12-04
|y BKN
|
| 952 |
|
|
|0 0
|1 0
|2 ddc
|4 0
|6 708_153000000000000_ΟΥΑ
|7 0
|9 367624
|a LISP
|b LISP
|c DON
|d 2023-01-19
|e ΠΑΠ
|i 151416
|l 0
|o 708.153 ΟΥΑ
|p 025000279827
|r 2023-01-19 00:00:00
|t 2
|w 2023-01-19
|y BK15
|
| 952 |
|
|
|0 0
|1 0
|2 ddc
|4 0
|6 708_153000000000000_ΟΥΑ
|7 0
|9 375426
|a LISP
|b LISP
|c BSC
|d 2023-11-22
|i 262499
|l 0
|o 708.153 ΟΥΑ
|p 025000303768
|r 2023-11-22 00:00:00
|t 3
|w 2023-11-22
|y BK15
|
| 998 |
|
|
|c ΜΠΟΥΡΑΣ
|d 2019-12
|
| 999 |
|
|
|c 143667
|d 143667
|